|
|
|
|
| LEADER |
00000cam a2200000 7i4500 |
| 001 |
0000000686 |
| 005 |
20151222.0 |
| 008 |
070702 |
| 020 |
|
|
|a 9833249140
|
| 090 |
0 |
0 |
|a JF
|b MAL (796)
|
| 100 |
0 |
|
|a Azilah Razali
|
| 245 |
1 |
0 |
|a Serik
|c Azilah Razali
|
| 260 |
|
|
|a Selangor :
|b Mostgain Resources Publications ,
|c 2006
|
| 440 |
|
|
|a Siri antologi kembangsari
|
| 500 |
|
|
|a Children ages 7-9 years old (orange)
|
| 650 |
|
0 |
|a Junior fiction
|x Malay
|x Languages
|
| 710 |
0 |
|
|a Title
|
| 999 |
|
|
|a 0000956180
|b Book
|c Children Collection
|e Perbadanan Perpustakaan Awam Johor
|
| 999 |
|
|
|a 0000956181
|b Book
|c Children Collection
|e Cawangan Bandar Tenggara
|
| 999 |
|
|
|a 0000956182
|b Book
|c Children Collection
|e Perbadanan Perpustakaan Awam Johor
|
| 999 |
|
|
|a 0000960455
|b Book
|c Children Collection
|e Cawangan Segamat
|
| 999 |
|
|
|a 0000960456
|b Book
|c Children Collection
|e Cawangan Pontian
|
| 999 |
|
|
|a 0000960457
|b Book
|c Children Collection
|e Cawangan Mersing
|